LEADER 01221nam a2200253 4500 001 000000350077 003 CaOOAMICUS 005 20220426162005.0 008 220426s2022 it 000 u ita r 020 $a978-88-6894-532-9 040 $aSeMil$bita 110 2 $aComunità Sorelle del Signore .$0(OLS)http://semarc/name/115698 245 10$aVolgeranno lo sguardo a colui che hanno trafitto :$bVia Crucis con i pensieri di Charles de Foucauld /$cComunità Sorelle del Signore. 264 1$aMilano :$bCentro Ambrosiano,$c2022. 300 $a32 p. ;$c21 cm 650 4$aFoucauld, Charles : de - Spiritualità.$0(OLS)http://semarc/subject/9708 650 4$aVia Crucis - Meditazioni.$0(OLS)http://semarc/subject/10367 850 $aSeMil 852 $aSeMil$W1$xVenegono$y1$m5B III 62/13$j233197$B241097$CSeMilBibl$Z2$F241097 $81 961 $aOmaggio editore 996 $6020$a978-88-6894-532-9$9(OLS)http://semarc/number/295751 996 $6245$aVolgeranno lo sguardo a colui che hanno trafitto :$bVia Crucis con i pensieri di Charles de Foucauld$9(OLS)http://semarc/title/439759 996 $6264$aMilano :$bCentro Ambrosiano$9(OLS)http://semarc/publisher/29766 LEADER 01120nam a2200265 i 4500 001 000000203473 003 CaOOAMICUS 005 20110629000000.0 008 110629s1966 it u000 u ita u 013 $a182186 040 $aSeMil$bita 100 1 $aBrook-Shepherd, Gordon.$0(OLS)http://semarc/name/73461 240 14$aThe Anschluss.$0(OLS)http://semarc/title/294676 245 12$aL'anschluss /$cGordon Brook-Shepherd ; Traduzione di Giuseppina e Raniero Panzieri. 260 $a[Milano] :$bArnoldo Mondadori Editore,$c1966. 300 $a278 p. ;$c22 cm. 490 0 $aLe scie 650 4$aAnschluss <1938>.$0(OLS)http://semarc/subject/38315 700 1 $aPanzieri, Raniero,$d<1921-1964>.$0(OLS)http://semarc/name/35248 700 1 $aPanzieri Saija, Giuseppina.$0(OLS)http://semarc/name/35088 830 3$aLe scie.$0(OLS)http://semarc/title/6825 850 $aSeMil 852 $aSeMil$W1$xVenegono$y1$m3U II 256$j153967$B153967$CSeMilBibl$Z2$F164807 $81 996 $6245$aL'anschluss$9(OLS)http://semarc/title/294675 996 $6260$a[Milano] :$bArnoldo Mondadori Editore$9(OLS)http://semarc/publisher/29634